| 000 | 01307cam a22003857a 4500 | ||
|---|---|---|---|
| 003 | CHAP | ||
| 005 | 20220329142412.0 | ||
| 008 | 001127d2000 mx r 00110 spa d | ||
| 010 | _a82965 | ||
| 011 | _a83937 | ||
| 035 | _a94456 | ||
| 040 | _cCHAP | ||
| 090 | _aTesis | ||
| 100 | 0 | 0 |
_aSoto Uribe, Raúl. _9108923 |
| 245 | 1 | 0 |
_aRespuesta de genotipos de trigo a sequía en diferentes etapas fenológicas _c/por Raúl Soto Uribe |
| 260 |
_aChapingo, Méx. : _bEl autor, _c2000. |
||
| 300 | _a36 h. | ||
| 502 | _aTesis (Ing. Agr. Esp. en Fitotecnia) -- UACH. Departamento de Fitotecnia | ||
| 590 |
_aALEPH _b10 _c20130110 _lUCH01 _h1439 |
||
| 590 |
_aBATCH-UPD _b10 _c20130110 _lUCH01 _h0752 |
||
| 590 |
_aBATCH-UPD _b10 _c20130410 _lUCH01 _h0432 |
||
| 590 |
_aBATCH-UPD _b10 _c20130914 _lUCH01 _h1129 |
||
| 590 |
_aCONVERSION _b10 _c20130109 _lUCH01 _h1346 |
||
| 650 | 1 | 4 |
_aCultivos en invernadero. _930376 |
| 650 | 1 | 4 |
_aFenología. _940043 |
| 650 | 1 | 4 |
_aTrigo _xCrecimiento. _9115003 |
| 650 | 1 | 4 |
_aTrigo _xGenética. _9115030 |
| 650 | 1 | 4 |
_aTrigo _xResistencia a sequía. _9115094 |
| 650 | 1 | 4 |
_aTrigo _xVariedades. _9115119 |
| 901 | _aBK | ||
| 905 | _aLilia Sánchez G. | ||
| 942 | _cFOLL | ||
| 949 |
_bBC _cTES _d33724000582573 _eTS2 _fc.2 _h37509 _i94456 _si |
||
| 949 |
_bBC _cTES _d944561 _eTS1 _h37508 _i94456 _sb |
||
| 999 |
_c82965 _d82965 |
||